Construction wastes raw materials (Record no. 71695)

MARC details
000 -LEADER
fixed length control field 00971cam a2200205 4500
001 - CONTROL NUMBER
control field WB3845-01
008 - FIXED-LENGTH DATA ELEMENTS--GENERAL INFORMATION
fixed length control field 021203n2002 000 0 eng u
035 ## - SYSTEM CONTROL NUMBER
System control number (Sirsi) u120646
245 ## - TITLE STATEMENT
Title Construction wastes raw materials
260 ## - PUBLICATION, DISTRIBUTION, ETC.
Date of publication, distribution, etc. 2002
490 ## - SERIES STATEMENT
Series statement New Civil Engineer
Volume/sequential designation 28 November 2002, 10(1)
520 ## - SUMMARY, ETC.
Summary, etc. A new study by construction industry research body CIRIA and waste management firms Biffa and Viridis reveals that over 35% of the raw materials used in the construction products manufacturing process are thrown out as waste. "Construction industry mass balance: resource use, wastes and emissions" also highlights the energy consumption and greenhouse gases resulting from the process. Research project summary available at www.ciria.org.uk/environment_rp636.htm
590 ## - LOCAL NOTE (RLIN)
Local note WB
650 ## - SUBJECT ADDED ENTRY--TOPICAL TERM
Topical term or geographic name entry element CIRIA
650 ## - SUBJECT ADDED ENTRY--TOPICAL TERM
Topical term or geographic name entry element CONSTRUCTION WASTE
650 ## - SUBJECT ADDED ENTRY--TOPICAL TERM
Topical term or geographic name entry element RAW MATERIALS
650 ## - SUBJECT ADDED ENTRY--TOPICAL TERM
Topical term or geographic name entry element CONSTRUCTION INDUSTRY
690 ## - LOCAL SUBJECT ADDED ENTRY--TOPICAL TERM (OCLC, RLIN)
Topical term or geographic name as entry element BUILT ENVIRONMENT
942 ## - ADDED ENTRY ELEMENTS (KOHA)
Suppress in OPAC 0
Holdings
Withdrawn status Lost status Source of classification or shelving scheme Damaged status Not for loan Home library Current library Shelving location Date acquired Total Checkouts Full call number Barcode Date last seen Copy number Price effective from Koha item type
    Dewey Decimal Classification     London London News article 03/12/2002   WB3845-01 120646-1001 06/08/2019 1 06/08/2019 News article